| 000 | 00352nam a22001337a 4500 | ||
|---|---|---|---|
| 999 |
_c4971 _d235475 |
||
| 080 | _a340 Ih 2 | ||
| 100 | _aVon Ihering, Rudolf | ||
| 245 | _aLa Lucha por el Derecho | ||
| 260 |
_aMáxico _bEditorial Jose M. Cajica Jr. S. A. |
||
| 300 | _a191 P. | ||
| 650 |
_xderecho _xteoria del derecho _xVon Ihering Rudolf |
||
| 945 |
_acd _d2019-06-21 |
||
| 942 | _6_ | ||